[Event "Ð§ÐµÐ¼Ð¿Ð¸Ð¾Ð½Ð°Ñ‚ ÐŸÐ¤Ðž Ð¿Ð¾ ÑˆÐ°Ñ…Ð¼"]
[Site "Ð�Ð°Ð±ÐµÑ€ÐµÐ¶Ð½Ñ‹Ðµ Ð§ÐµÐ»Ð½"]
[Date "2024.03.22"]
[Round "3.33"]
[White "Ð�Ñ…Ð¼ÐµÑ‚Ð¾Ð², Ð ÑƒÑ�Ð»Ð°Ð½.."]
[Black "ÐœÑƒÑ�Ð¸Ð½, Ð Ð°Ð¼Ð°Ð·Ð°Ð½.."]
[Result "1-0"]
[WhiteElo "1782"]
[BlackElo "1552"]
[Annotator "Ð£~~ÐµÐ½Ð¸Ðº"]
[PlyCount "26"]
[EventDate "2024.03.20"]

{[%evp 0,25,26,34,19,11,26,2,24,-41,41,15,20,20,21,22,47,10,1,-5,-1,-35,-40,
-40,-40,-73,142,-176]} 1. d4 d5 2. Nc3 Nf6 3. Bg5 Bf5 4. Bxf6 gxf6 5. e3 e6 6.
Bd3 Bg6 7. Nge2 c5 8. dxc5 Bxc5 9. Nf4 Nc6 10. h4 d4 11. Bxg6 hxg6 12. Ne4 dxe3
13. fxe3 f5 1-0

[Event "Ð§ÐµÐ¼Ð¿Ð¸Ð¾Ð½Ð°Ñ‚ ÐŸÐ¤Ðž Ð¿Ð¾ ÑˆÐ°Ñ…Ð¼Ð"]
[Site "Ð�Ð°Ð±ÐµÑ€ÐµÐ¶Ð½Ñ‹Ðµ Ð§ÐµÐ»Ð½Ñ"]
[Date "2024.03.22"]
[Round "3.34"]
[White "Ð¡Ð°Ð±Ð¸Ñ€Ð¾Ð², Ð Ð°Ð´Ð¼Ð¸Ñ€."]
[Black "Ð“Ð°Ñ€ÐµÐµÐ², Ð˜Ñ�ÐºÐ°Ð½Ð´ÐµÑ€."]
[Result "1-0"]
[WhiteElo "1542"]
[BlackElo "1549"]
[PlyCount "46"]
[EventDate "2024.03.20"]

1. d4 d5 2. Bf4 Nf6 3. e3 Bf5 4. c4 e6 5. Nc3 c6 6. Qb3 b6 7. Rc1 Bd6 8. Bxd6
Qxd6 9. cxd5 exd5 10. Nf3 O-O 11. Be2 Nbd7 12. O-O Rfc8 13. Rfd1 b5 14. Bd3
Bxd3 15. Rxd3 a5 16. a3 Rab8 17. Na2 h6 18. Qd1 a4 19. Nb4 Rb6 20. Rdc3 Nb8 21.
Ne5 Na6 22. Ned3 Nxb4 23. axb4 Qc7 1-0

[Event "Ð§ÐµÐ¼Ð¿Ð¸Ð¾Ð½Ð°Ñ‚ ÐŸÐ¤Ðž Ð¿Ð¾ ÑˆÐ°Ñ…Ð¼Ð"]
[Site "Ð�Ð°Ð±ÐµÑ€ÐµÐ¶Ð½Ñ‹Ðµ Ð§ÐµÐ»Ð½Ñ"]
[Date "2024.03.22"]
[Round "3.35"]
[White "Ð�Ð³Ð¸ÑˆÐµÐ², Ð­Ð¼Ð¸Ð»ÑŒ."]
[Black "ÐŸÐ¾Ñ�Ð°Ð¶ÐµÐ½ÐºÐ¾Ð², Ð�Ð¸ÐºÐ¸Ñ‚Ð°."]
[Result "1-0"]
[WhiteElo "1530"]
[BlackElo "1677"]
[PlyCount "67"]
[EventDate "2024.03.20"]

1. e4 c5 2. Nf3 d6 3. d4 cxd4 4. Nxd4 Nf6 5. Nc3 a6 6. Bg5 Nc6 7. f4 Qb6 8. Nb3
e6 9. Qf3 Be7 10. O-O-O Qc7 11. g4 O-O 12. Bh4 Ne8 13. g5 f6 14. Qg3 Bd7 15.
Rg1 f5 16. exf5 exf5 17. Nd5 Qd8 18. Nxe7+ Nxe7 19. g6 h6 20. Qe1 Nf6 21. Rxd6
Qc7 22. Qd1 Bb5 23. Bxb5 axb5 24. Kb1 Rad8 25. Rxd8 Rxd8 26. Qe2 Qd6 27. Bxf6
Qxf6 28. Qg2 Nd5 29. Qf3 Qd6 30. Nd4 Nxf4 31. Nxf5 Qd2 32. h3 Ne2 33. Nxh6+
Qxh6 34. Qxe2 1-0

[Event "Ð§ÐµÐ¼Ð¿Ð¸Ð¾Ð½Ð°Ñ‚ ÐŸÐ¤Ðž Ð¿Ð¾ ÑˆÐ°Ñ…Ð¼Ð"]
[Site "Ð�Ð°Ð±ÐµÑ€ÐµÐ¶Ð½Ñ‹Ðµ Ð§ÐµÐ»Ð½Ñ"]
[Date "2024.03.22"]
[Round "3.37"]
[White "Ð“Ð¸Ð½Ð´ÑƒÐ»Ð»Ð¸Ð½, Ð‘ÑƒÐ»Ð°Ñ‚."]
[Black "Ð“Ð¾Ñ€Ð¸Ð½, Ð�Ð»ÐµÐºÑ�Ð°Ð½Ð´Ñ€."]
[Result "1-0"]
[WhiteElo "1573"]
[BlackElo "1471"]
[PlyCount "47"]
[EventDate "2024.03.20"]

1. d4 c5 2. d5 Nf6 3. c4 e6 4. Nc3 exd5 5. cxd5 d6 6. e4 a6 7. a4 g6 8. Be2 Bg7
9. Nf3 Bg4 10. Nd2 Bxe2 11. Qxe2 O-O 12. O-O Nbd7 13. f4 Re8 14. Qf3 Qc7 15.
Nc4 Rab8 16. a5 b5 17. axb6 Nxb6 18. Na5 Nfd7 19. Nc6 Ra8 20. g4 Qc8 21. g5 Nc4
22. Qd3 Ncb6 23. f5 Bf8 24. Bf4 1-0